Statistiques concernant MotoGP vainqueurs

Cliquez ici pour prendre le quiz!

Statistiques générales

  • Ce quiz a été pris 355 fois
    (143 depuis la dernière actualisation)
  • Le résultat moyen est 23 sur 77

Statistiques - réponses

CatégoriePilotes% Correct
MotoGPValentino Rossi
95%
MotoGPMarc Marquez
92%
MotoGPFabio Quartararo
91%
Moto 2Alex Marquez
87%
MotoGPJohann Zarco
80%
MotoGPFrancesco Bagnaïa
79%
MotoGPJorge Martin
70%
Moto 2Pedro Acosta
65%
MotoGPJoan Mir
64%
MotoGPAleix Espargaro
61%
MotoGPAlex Rins
61%
MotoGPBrad Binder
61%
MotoGPDani Pedrosa
61%
MotoGPJack Miller
60%
Moto 3Darryn Binder
59%
MotoGPJorge Lorenzo
57%
MotoGPMaverick Viñales
57%
Moto 2Luca Marini
53%
MotoGPEnea Bastianini
51%
Moto 2Augusto Fernandez
48%
MotoGPFranco Morbidelli
47%
Moto 2Raùl Fernandez
47%
MotoGPMiguel Oliveira
42%
MotoGPAndrea Dovizioso
35%
MotoGPMarco Bezzecchi
34%
Moto 2Takaaki Nakagami
33%
MotoGPDanilo Petrucci
29%
Moto 3Jaume Masia
29%
Moto 2Aron Canet
27%
Moto 2Fermin Aldeguer
26%
Moto 3Deniz Oncü
25%
Moto 2Alonso Lopez
24%
Moto 2Sam Lowes
24%
Moto 3Sergio Garcia
24%
Moto 2Tony Arbolino
24%
Moto 3Can Oncü
23%
MotoGPCal Crutchlow
22%
Moto 3Izan Guevara
22%
Moto 3Daniel Holgado
20%
Moto 3David Alonso
20%
Moto 3Ayumu Sasaki
18%
MotoGPAndrea Iannone
17%
Moto 2Jake Dixon
17%
Moto 2Celestino Vietti
16%
Moto 3Tatsuki Suzuki
16%
Moto 2Ai Ogura
15%
Moto 2Remy Gardner
15%
Moto 3Albert Arenas
14%
Moto 3Ivan Ortola
13%
Moto 3Dennis Foggia
12%
Moto 2Joe Roberts
12%
Moto 3Lorenzo Dalla Porta
12%
Moto 3Kaito Toba
11%
Moto 3Romano Fenati
11%
Moto 2Jonas Folger
10%
Moto 3Marcos Ramirez
10%
Moto 2Somkiat Chantra
10%
Moto 2Esteve Rabat
9%
Moto 2Thomas Luthi
9%
Moto 3Andrea Migno
8%
Moto 3John McPhee
8%
Moto 3Collin Veijer
6%
Moto 3Diogo Moreira
6%
Moto 2Mattia Pasini
6%
Moto 3Alexis Masbou
5%
Moto 3Danny Kent
5%
Moto 3Xavi Artigas
5%
Moto 3Jorge Navarro
4%
Moto 3Livio Loi
3%
Moto 2Lorenzo Baldassarri
3%
Moto 3Niccolo Antonelli
3%
Moto 2Tetsuta Nagashima
3%
Moto 2Dominique Aegerter
2%
Moto 3Khairul Idham Pawi
2%
Moto 2Xavier Simeon
2%
Moto GPFabio Di Gianniantonio
1%
Moto 3Philipp Oettl
1%

Distribution des résultats

Percentile par nombre de réponses

% des personnes avec chaque résultat

Votre développement - résultats

Vous n’avez pas pris ce quiz depuis la dernière actualisation